000 00307 a2200145 4500
001 62716
020 _a
040 _cAnchieta - Pituba
240 1 0 _aOlímpiada Baiana de Química
_lpor
245 1 0 _aOlímpiada Baiana de Química
300 _a131
362 0 _a2014
650 4 _aQuímica
942 _cBK
999 _c62716
_d62716